000 00201 a2200097 4500
020 _a9781335135582
041 _aeng
100 _aLindsey, Julie Anne
245 _aMissing in the mountains
942 _cBK
999 _c31078
_d31076